00354nam a2200109Ia 4500008004100000041000800041100001700049245009000066260004900156300000800205700003100213250110s9999 xx 000 0 und d aeng aJoshi Rashmi aUse Of Appropriate Technology For Sustainable Rural Developement In India .-MEA0905th bYCMOU Environmental Architecture, Punec2012 a82p aGuide Name:Gujrathi Anshul